| Tag |
First Indicator |
Second Indicator |
Subfields |
| LEADER |
00000cam a2200000 i 4500 |
| 001 |
in00000067933 |
| 005 |
20151008050830.0 |
| 008 |
790917s1979 paua b 10110 eng |
| 010 |
|
|
|a 78068438
|
| 020 |
|
|
|c $55.00
|
| 035 |
|
|
|a (OCoLC)05039164
|
| 035 |
|
|
|9 AAG3688AM
|
| 040 |
|
|
|a DLC
|c DLC
|d TXA
|d UtOrBLW
|
| 049 |
|
|
|a TXAM
|c [1159765]
|
| 050 |
0 |
0 |
|a TA418.74
|b .A43 1977
|
| 082 |
0 |
|
|a 620.1/1233
|
| 111 |
2 |
|
|a American Society for Testing and Materials Symposium on Erosion: Prevention and Useful Applications
|d (1977 :
|c Vail, Colo.)
|
| 245 |
1 |
0 |
|a Erosion, prevention and useful applications :
|b a symposium /
|c sponsored by ASTM Committee G-2 on Erosion and Wear, American Society for Testing and Materials, Vail, Colo., 24-26 Oct. 1977 ; W. F. Adler, editor.
|
| 264 |
|
1 |
|a Philadelphia :
|b ASTM,
|c [1979]
|
| 264 |
|
4 |
|c ©1979
|
| 300 |
|
|
|a 643 pages :
|b illustrations ;
|c 24 cm.
|
| 336 |
|
|
|a text
|b txt
|2 rdacontent
|
| 337 |
|
|
|a unmediated
|b n
|2 rdamedia
|
| 338 |
|
|
|a volume
|b nc
|2 rdacarrier
|
| 490 |
1 |
|
|a ASTM special technical publication ; 664
|
| 500 |
|
|
|a "04-664000-29."
|
| 504 |
|
|
|a Includes bibliographical references and index.
|
| 650 |
|
0 |
|a Materials
|x Erosion
|x Congresses.
|
| 650 |
|
0 |
|a Metals
|x Erosion
|x Congresses.
|
| 700 |
1 |
|
|a Adler, W. F.
|q (William Fred),
|d 1937-
|
| 710 |
2 |
|
|a ASTM Committee G-2 on Erosion and Wear.
|
| 830 |
|
0 |
|a ASTM special technical publication ;
|v 664.
|
| 999 |
|
|
|a MARS
|
| 999 |
f |
f |
|s 6f9e4c4a-fcbc-30d3-8a1f-0c0af28d11d2
|i af7ffea4-3ea2-3b1a-8957-4642a04edddc
|t 0
|
| 952 |
f |
f |
|p ric
|a Texas A&M University
|b Rellis Campus
|c Joint Library Facility
|d Remote Storage
|t 0
|e TA418.74 .A43 1977
|h Library of Congress classification
|i unmediated -- volume
|m A14805316720
|
| 998 |
f |
f |
|a TA418.74 .A43 1977
|t 0
|l Remote Storage
|